| 000 | 00486nam a22001457a 4500 | ||
|---|---|---|---|
| 003 | NUST | ||
| 082 | _a200 | ||
| 100 |
_aSANNAN, MUHAMMAD _997545 |
||
| 245 |
_aDevising an efficient routing protocol for opportunistic networks (VDTN) _cMUHAMMAD SANNAN, |
||
| 264 |
_aIslamabad : _bSEECS, NUST, _c2022. |
||
| 650 |
_aMS-Information Technology _926924 |
||
| 700 |
_aSupervisor: Dr. Abdul Wahid _996863 |
||
| 856 | _uhttp://10.250.8.41:8080/xmlui/handle/123456789/30055 | ||
| 942 |
_2ddc _cSC |
||
| 999 |
_c591098 _d591098 |
||